Financial accounting: an introduction
I tiakina i:
| Ngā kaituhi matua: | , , |
|---|---|
| Hōputu: | Pukapuka |
| Reo: | Ingarihi |
| I whakaputaina: |
Nueva York
Harcourt, Brace, Jovanovich
1977
|
| Putanga: | 2a. ed |
| Ngā marau: | |
| Ngā Tūtohu: |
Tāpirihia he Tūtohu
Kāore He Tūtohu, Me noho koe te mea tuatahi ki te tūtohu i tēnei pūkete!
|
MARC
| LEADER | 00000nam a2200000 a 4500 | ||
|---|---|---|---|
| 001 | UCV4990 | ||
| 003 | CL-VaPUC | ||
| 008 | 920320e19770000US |||||||||||||||||eng|d | ||
| 082 | 0 | 4 | |a 657.48 |b WAL |2 21 |
| 100 | 0 | |a Walgenbach, Paul H |e author |9 299191 | |
| 700 | 0 | |a Dittrich, Norman E |e author |9 299192 | |
| 700 | 0 | |a Hanson, Ernest I |e author |9 299193 | |
| 245 | 1 | 0 | |a Financial accounting: an introduction |
| 250 | |a 2a. ed | ||
| 300 | |a 654 p | ||
| 942 | |c BK | ||
| 945 | |d 19920320 00:00:00 | ||
| 260 | |a Nueva York |b Harcourt, Brace, Jovanovich |c 1977 | ||
| 650 | 0 | |a Contabilidad |9 261430 | |
| 583 | |a last modification |c 19920320 00:00:00 |k Rodrigo Vera | ||
| 999 | |c 211601 |d 211599 | ||
| 952 | |0 0 |1 0 |4 0 |6 657_480000000000000_WAL_1977 |7 0 |8 CCM |9 191304 |a BIBCUR |b BIBCUR |d 2019-11-14 |i 2589168 |o 657.48 WAL 1977 |p 2589168 |r 2025-04-22 |w 2019-11-14 |y BK |k CIM | ||
| 952 | |0 0 |1 0 |4 0 |6 657_480000000000000_WAL_1977 |7 0 |8 P |9 191305 |a BIBGIM |b BIBGIM |d 2019-11-14 |i 1408933 |o 657.48 WAL 1977 |p 1408933 |r 2025-01-15 |w 2019-11-14 |y BK |k COM | ||